000 00484nam a22001697a 4500
005 20240822065023.0
008 240822b |||||||| |||| 00| 0 eng d
020 _a9781485139119
041 _aEnglish
082 _a349 YEA
100 _lEnglish
245 _aYearbook of South African Law
260 _aCape Town:
_bJuta and Company (Pty) Ltd,
_c2022
300 _blxiv, 1140 pages;
_c25 cm.
650 _aLegal practice
_bLaw
942 _cBK
_6ALISON_BN_VRIES
999 _c2758
_d2758